| 000 | nam a22 a 4500 | ||
|---|---|---|---|
| 999 |
_c206067 _d206067 |
||
| 003 | BLK | ||
| 005 | 20191126115318.0 | ||
| 008 | 180411b bul|||||r ||||||| ||bul|| | ||
| 010 | _aKNG00215804000 | ||
| 020 | _a978-954-07-4210-6 | ||
| 040 | _aBLK | ||
| 041 |
_aBUL _cBUL |
||
| 072 | 7 |
_2bullib _aН80 _xЕзикознание Н |
|
| 080 |
_aРедактиране. Подготовка за публикуване. Вж и 070.4 _b808.2 _x(075.8) _z808.2(075.8) |
||
| 100 | 1 |
_aСлавова, Татяна Димова _eпърви автор _9364402 |
|
| 139 |
_aСлавова, Татяна Димова _bС 43 |
||
| 245 | 1 | 0 |
_aСтаробългарски език _cТатяна Димова Славова |
| 257 | _aBGR | ||
| 260 |
_bУнив. изд. Климент Охридски _c2017 |
||
| 300 |
_a400 с. _bс табл. _c24 см |
||
| 380 | _a80 | ||
| 490 | 1 | _aУниверситетски учебници)(Филологически науки | |
| 500 | _aБиогр. данни за авт. отбелязани на гърба на кор. - Терминол. речник: с. 397-399. - Библиогр.: с. 379-396. | ||
| 650 | 4 |
_aСтаробългарски език - учебници за ВУЗ _9293903 |
|
| 653 | _aстаробългарски език | ||
| 659 | _aН | ||
| 852 | _aЦб 289090 | ||
| 856 | 4 | _qpdf | |
| 856 | 4 | _qpdf | |
| 942 |
_cKNG _n0 _02 |
||
| 944 |
_aCR _c08.02.2018 _kВиолета_Тройчева |
||
| 944 |
_aED _c15.03.2018 _kГрета_Цуфелде |
||
| 999 | _d206067 | ||
| 999 | _d206067 | ||